Ultimate Lighting Design : Projects by Hervé Descottes / L´Observatoire International /

Enregistré dans:
Détails bibliographiques
Autres auteurs: Thaureau, Vanessa (Éditeur intellectuel)
Format: Livre
Langue:anglais
allemand
français
espagnol
italien
Publié: Düsseldorf : teNeues, 2005
Sujets:
Tags: Ajouter un tag
Pas de tags, Soyez le premier à ajouter un tag!

MARC

LEADER 00000nam a22000003a 4500
001 stu243808
005 20190405155348.4
008 120227s2005----gw------------------eng-d
020 |a 978-3-8327-9016-5 
040 |a STU  |b slo 
041 0 |a eng  |a ger  |a fre  |a spa  |a ita 
044 |a gw 
100 1 |a Thaureau, Vanessa  |4 edt 
245 |a Ultimate Lighting Design :  |b Projects by Hervé Descottes / L´Observatoire International /  |c ed. Vanessa Thaureau 
260 |a Düsseldorf :  |b teNeues,  |c 2005 
300 |a 512 s. 
650 0 7 |a osvetlenie 
650 0 7 |a osvetlenie exteriérové 
650 0 7 |a projekty 
996 |b 284AU05151  |c A*7881  |l AA5150  |s P  |a 0  |w stu243808_0001 
996 |b 284V032484  |c V*51639/O-23086  |l VVT  |s A  |a 24  |w stu243808_0002 
996 |b 284AU07837  |c A* 11096/U  |l AAKNST  |s P  |a 0  |w stu243808_0003